000 00874nas a2200289 4500
001 BR2013005495
003 BR-BrBNA
005 20231205122650.0
007 ta
008 230509b bl.|||p| |||| 00| 00por d
040 _aBR-BrBNA
_bpor
_cBiblioteca Nacional de Agricultura
041 _a(Pt)
072 _aF02
100 1 _aKratz, D.
100 1 _aWendling, I.
100 1 _aPires, P.P.
245 1 _aMiniestaquia de Eucalyptus benthamii X E. dunii em substratos a base de casca de arroz carbonizada
650 _aEUCALIPTO
650 _aCASCA DE ARROZ
650 _aSUBSTRATO
650 _aENRAIZAMENTO DE ESTACA
650 _aCLONAGEM
650 _aPROPAGAÇÃO VEGETATIVA
773 0 _tScientia Forestalis (Brazil)
_xISSN 1413-9324
_g(Dec 2012), v. 40(96) p. 547-556
_wBR2013005495
909 _a202311
_bLúcia
_c55
_dLúcia Elande
942 _2AGRIS
_n0
_cANA
999 _c229864
_d229864